F Answers Quiz #2 - Statistics

General Stats
  • This quiz has been taken 43,549 times
  • The average score is 14 of 24
Answer Stats
Clue Answer % Correct
Tinker Bell, for example Fairy
94%
Animal that makes a poor henhouse guard Fox
93%
Country in Oceania Fiji
86%
A big pot of melted cheese for dipping Fondue
85%
Doctor who made a man from spare parts Frankenstein
85%
Mushrooms, yeasts, and molds Fungi
85%
Style of hat worn by Indiana Jones Fedora
80%
German for "woman" Frau
72%
Soccer, to a Spaniard Fútbol
63%
Last name of Atticus, Scout, and Jem Finch
61%
Guy burned in effigy on Bonfire Night Fawkes
59%
Car part or famous guitar brand Fender
59%
Opposite of piano Forte
58%
Henry, Peter, Jane, or Bridget Fonda
54%
Ball of fried chick peas Falafel
53%
Maker of jeweled eggs Fabergé
52%
Type of mural painted on fresh plaster Fresco
49%
Wabbit hunter Fudd
49%
Deluge Flood
40%
Absent-minded professor's invention Flubber
32%
Rockin' subterranean puppets created by Jim Henson Fraggles
32%
Pickpocket ringleader in "Oliver Twist" Fagin
28%
Name of the Barber of Seville Figaro
28%
City near Denali Fairbanks
25%
No matching quizzes found
Score Distribution
Percent of People with Each Score
Percentile by Number Answered
Your Score History
You have not taken this quiz